The egregor of the dove or the reign of peace (Record no. 75776)

MARC details
000 -LEADER
fixed length control field 01040nam a2200229 a 4500
008 - FIXED-LENGTH DATA ELEMENTS--GENERAL INFORMATION
fixed length control field 070508s1990 ||||||||||||||||| || u
020 ## - INTERNATIONAL STANDARD BOOK NUMBER
International Standard Book Number 2855664039
050 ## - LIBRARY OF CONGRESS CALL NUMBER
Classification number BP 610.A35 Aiv
100 ## - MAIN ENTRY--PERSONAL NAME
Personal name Aivanhov, Omraam Mikhael, 1900-1986
245 14 - TITLE STATEMENT
Title The egregor of the dove or the reign of peace
250 ## - EDITION STATEMENT
Edition statement 4th ed.
260 ## - PUBLICATION, DISTRIBUTION, ETC.
Place of publication, distribution, etc. France:
Name of publisher, distributor, etc. Editions Presveta
Date of publication, distribution, etc. 1990
300 ## - PHYSICAL DESCRIPTION
Extent 172p.
350 ## -
-- 0.00
490 ## -
-- Izvor collection-no. 208
650 ## - SUBJECT ADDED ENTRY--TOPICAL TERM
Topical term or geographic name entry element AIVANHOV, OMRAAM MIKHAEL, 1900-1986--SPIRITUALISM (PHILOSOPHY))--CONTROVERSIAL LITERATURE
650 ## - SUBJECT ADDED ENTRY--TOPICAL TERM
Topical term or geographic name entry element INNER PEACE--CONTROVERSIAL LITERATURE
650 ## - SUBJECT ADDED ENTRY--TOPICAL TERM
Topical term or geographic name entry element PHILOSOPHY
650 ## - SUBJECT ADDED ENTRY--TOPICAL TERM
Topical term or geographic name entry element PSYCHOLOGY, APPLIED--CONTROVERSIAL LITERATURE
995 ## -
-- MAIN LIBRARY OPEN ACCESS
-- 0.00
-- 734853
-- CBU-MAIN LIBRARY (Kitwe)
-- 1
-- 0.00
-- BP 610.A35 AIV
-- 2
-- AVAILABLE
-- May 9, 2007
-- 52191
-- Main Library Open Access Collection
995 ## -
-- MAIN LIBRARY OPEN ACCESS
-- 0.00
-- 734852
-- CBU-MAIN LIBRARY (Kitwe)
-- 1
-- 0.00
-- BP 610.A35 AIV
-- 1
-- AVAILABLE
-- May 9, 2007
-- 52192
-- Main Library Open Access Collection
999 ## -
-- 75776
-- 75776
Holdings
Withdrawn status Lost status Source of classification or shelving scheme Damaged status Not for loan Permanent Location Current Location Shelving location Date acquired Total Checkouts Full call number Barcode Date last seen Copy number Price effective from Koha item type
          CBU-MAIN LIBRARY, KITWE. CBU-MAIN LIBRARY, KITWE.   04/24/2023   BP 610.A35 Aiv 52191 04/24/2023 1 04/24/2023 MONOGRAPH
          CBU-MAIN LIBRARY, KITWE. CBU-MAIN LIBRARY, KITWE.   04/24/2023   BP 610.A35 Aiv 52192 04/24/2023 2 04/24/2023 MONOGRAPH